00289 a2200133 4500001000700000020001800007040001100025100002600036240003400062245002900096300000800125362000900133440001300142189505 a85-352-1761-4 cMagnum aSchrijvers, Joep P. M10aSegunda-feira de novo?!*lpor10aSegunda-feira de novo?!* a1600 a2009 1aElsevier